ASME 2013 Power Conference - Volume 2: Reliability, Availability and Maintainability (RAM); Plant Systems, Structures, Components and Materials Issues; Simple and Combined Cycles; Advanced Energy Systems and Renewables (Wind, Solar and Geothermal); Energy Water Nexus; Thermal Hydraulics and CFD; Nuclear Plant Design, Licensing and Construction; Performance Testing and Performance Test Codes

ग्रंथसूची विवरण
स्वरूप: इलेक्ट्रोनिक पत्रिका
भाषा:English
प्रकाशित: ASME
ऑनलाइन पहुंच:Full text available on ASME[2013-2013]
Off-campus access
LEADER 01288cas a2200181 a 4500
001 AALConferenceProceedingsASME001180
008 230101c9999 xx r poo 0 0eng d
020 |a 978-0-7918-5606-2 
040 |a BD-DhAAL  |c BD-DhAAL 
245 0 0 |h [electronic resource]  |a ASME 2013 Power Conference - Volume 2: Reliability, Availability and Maintainability (RAM); Plant Systems, Structures, Components and Materials Issues; Simple and Combined Cycles; Advanced Energy Systems and Renewables (Wind, Solar and Geothermal); Energy Water Nexus; Thermal Hydraulics and CFD; Nuclear Plant Design, Licensing and Construction; Performance Testing and Performance Test Codes 
260 |b ASME 
300 |a 1 online resource 
500 |a <strong>Off-Campus Access:</strong> Athens ID and Password Required 
500 |a <strong>On-Campus Access:</strong> No User ID or Password Required 
506 |a Electronic access restricted to authorized BRAC University faculty, staff and students 
538 |a Mode of access: Internet 
856 4 0 |z Full text available on ASME[2013-2013]  |u https://asmedigitalcollection.asme.org/POWER/POWER2013/volume/56062 
856 4 0 |z Off-campus access  |u https://go.openathens.net/redirector/bracu.ac.bd?url=https%3A%2F%2Fasmedigitalcollection.asme.org%2FPOWER%2FPOWER2013%2Fvolume%2F56062